Бюллетень Всесоюзного объединения "Востокосталь" (Запись № 2019460)

Подробности
000 -МАРКЕР
контрольное поле 02263nas1a22003371 4500
001 - ИДЕНТИФИКАТОР ЗАПИСИ
контрольное поле RU\NLR\INFOCOMM19\1000031446
005 - ИДЕНТИФИКАТОР ВЕРСИИ
контрольное поле 20260212162228.0
035 ## - ДРУГИЕ СИСТЕМНЫЕ НОМЕРА
Идентификатор записи (NLR Aleph) 002737191
100 ## - ДАННЫЕ ОБЩЕЙ ОБРАБОТКИ
Данные общей обработки 20260215 rusy50
101 0# - ЯЗЫК РЕСУРСА
Язык текста, звукозаписи и т.д. русский
102 ## - СТРАНА ПУБЛИКАЦИИ ИЛИ ПРОИЗВОДСТВА
Страна публикации Российская Федерация
110 ## - ПОЛЕ КОДИРОВАННЫХ ДАННЫХ: ПРОДОЛЖАЮЩИЕСЯ РЕСУРСЫ
Кодированные данные продолжающегося ресурса ayu||||0|y0
200 1# - ЗАГЛАВИЕ И СВЕДЕНИЯ ОБ ОТВЕТСТВЕННОСТИ
Основное заглавие Бюллетень Всесоюзного объединения "Востокосталь"
210 ## - ПУБЛИКАЦИЯ, РАСПРОСТРАНЕНИЕ И ДР.
Место издания, распространения и т.д. Свердловск
Дата издания, распространения и т.д. 1927-1931
430 #1 - ПРОДОЛЖЕН
Встроенное поле 001rc\2873106
-- 2001#$aБюллетень Управления действующих заводов "Востокосталь"
Системный номер (АБИС) связанной записи 5959255
Автор "Востокосталь", всесоюзное объединение (Свердловск)
Место публикации Свердловск
Дата публикации 1927-1930
Имя издателя, распространителя и т.д. Востокосталь
Заглавие Бюллетень Управления действующих заводов "Востокосталь"
517 1# - ДРУГИЕ ВАРИАНТЫ ЗАГЛАВИЯ
Вариант заглавия Бюллетень Уральского горно-металлургического треста
710 02 - НАИМЕНОВАНИЕ ОРГАНИЗАЦИИ - ПЕРВИЧНАЯ ОТВЕТСТВЕННОСТЬ
Начальный элемент ввода "Востокосталь", всесоюзное объединение
Идентифицирующий признак Свердловск
Системный номер авторитетной/нормативной записи 525881
Идентификатор авторитетной/нормативной записи RU\NLR\AUTH\8810013987
801 #0 - ИСТОЧНИК ЗАПИСИ
Страна Российская Федерация
Организация NLR
Правила каталогизации PSBO
801 #1 - ИСТОЧНИК ЗАПИСИ
Страна Российская Федерация
Организация InfoComm
Дата составления 20040128
852 ## - МЕСТОНАХОЖДЕНИЕ И ШИФР ХРАНЕНИЯ
Идентификатор организации NLR
Шифр хранения (Call Number) П22/1137
942 ## - ДОПОЛНИТЕЛЬНЫЕ ЭЛЕМЕНТЫ ЗАПИСИ (АБИС)
Тип экземпляра АБИС Неопределено
980 ## - КОЛЛЕКЦИЯ
Название коллекции Национальная библиография
980 ## - КОЛЛЕКЦИЯ
Название коллекции Русская периодика

Нет доступных экземпляров.